00703 2200241 4500001002100000005001700021008004100038020002200079035002400101082001000125090001800135245011000153260004000263300002900303650003000332700002400362700001500386850000900401985000600410999001500416999001500431999001500446YOGYA-0209000007404620090227093753.0 ind  a978-979-610-193-1 0010-020900000074046 a530.7 a530.7bKuplK aKUPAS Tuntas 1001 soal fisika SMPcpenyusun Forum Tentor;editor Rindy Artha Luvian;penyunting, Dedy G.N.R aYogyakartabPustaka Widyatamac2008 aiv,172 hlm.6bilusc28 cm aFisika - Ujian, soal, dsb aLuvian, Rendy Artha aDedy G.N.R aBPAD a3 a08B0045046 a08B0045047 a08B0045048